Quizzes
Events
Quiz Creation
Community
Videos
Private Events
Remove Ads
Sign In
Join for FREE
Feedback
Dark Mode
Quiz Categories
Sports
Geography
Music
Movies
Television
Just For Fun
Miscellaneous
History
Literature
Language
Science
Gaming
Entertainment
Religion
Holiday
For Kids
Quiz Lab
Recent
Popular Today
Quiz Kudos Today
Editor Picks
Curator Picks
Quizzes by...
Day
Popularity
Type
Ratings
Length
Year
Community
Subscriptions
Recent Discussions
Orange Saloon
Badges
Playlists
Quests
Create
Leaderboards
Showdown
Live 5
Trivia Bingo
Activity
Puzzle Library
Sporcle Events
Private Events
Virtual Trivia
Globe League
Become a Host
Pub Owners
SporcleCon
Opinionation
Our Games
Videos
Blog
Mobile Apps
Partnerships
Remove Ads and Go Orange
Feedback
Gaming
Video Games
Board Games
Card Games
Pokémon
Mario
Nintendo
Minecraft
Console
Toys
Legend of Zelda
Gaming
Video Games
Board Games
Card Games
Pokémon
Mario
Nintendo
Minecraft
Console
Toys
Legend of Zelda
Random Quiz
Search Sporcle
×
Quiz Lab
Quiz Lab
Gaming
nickname
Type in answers that appear in a list
Type in answers that appear in a list
Classic
Best Score? Go Orange.
Dynasty Warriors Nicknames Stats
Can you name the nicknames of these Dynasty Warrior's?
By
Slatornator
4m
20 Questions
765 Plays
765 Plays
765 Plays
Comments
Comments
Give Quiz Kudos
Give Quiz Kudos
-
- Ratings
hide this ad
Forced Order
Answers have to be entered in order
Answers have to be entered in order
Replay
Link that replays current quiz
Next Quiz
Link to next quiz in quiz playlist
You Got
0%
They Got
Avg Score
66%
Avg Friend Score
Upgrade to see
Score Distribution
Jump to the score distribution portion of the page
Score
0/20
Timer
04:00
0
Plays Today
% Correct
Sun Jian
88.5%
Sun Ce
88.4%
Zhuge Liang
85.8%
Xiahou Dun
85.4%
Guan Yu
79.9%
Cao Cao
79.2%
Lu Bu
76.5%
Gan Ning
74.4%
Dong Zhuo
72.5%
Pang Tong
69.4%
% Correct
Huang Zhong
69%
Ma Chao
65.6%
Zhang Jiao
65.5%
Yuan Shao
62.7%
Zhang Liao
62.1%
Da Qiao and Xiao Qiao
59.1%
Zhang He
52.5%
Zhao Yun
42.9%
Dian Wei
36.1%
Xu Zhu
14.8%
Quiz Playlist
Details
Report
Send in Message
Add To Playlist
Classic:
Type in answers that appear in a list
Forced Order:
Answers have to be entered in order
Last Updated: Feb 16, 2017
Quiz Scoreboard
CHALLENGE
Sign Up to Join the Scoreboard
Show All
Scores
Hide
Comments
May contain spoilers
Recently Published
Movies - When Are They Set?
by FPL_Elf
Movies
5m
Popular People in 1961
by mucciniale
History
6m
1-10 Letter E Words III
by El_Dandy
Language
2m
More to Explore
Quiz From the Vault
Featured Blog Post
Where Did the Easter Bunny Come From?
hide this ad
You Might Also Like...
Tags
Dynasty
Dynasty Warriors
nickname
Warrior
Today's Top Quizzes in Gaming
Browse Gaming
hide this ad
Today's Top Quizzes in nickname
Browse nickname
Top Contributed Quizzes in Gaming
1
Destiny 2 exotic weapons by perk icons
2
Ultimate Genshin Impact Logic Puzzle (up to 4.3)
3
5-to-1: Consoles
4
Genshin Impact Logic Puzzle Quiz
5
Franchise by Action Figure
6
Who's on the WWE 2K24 Cover?
7
Windmill: Pokémon
8
Legendary or Exotic?
9
Overwatch 2: Ultimate Ability Icons
10
5-to-1: Legend of Zelda
Explore More
Trending Topics
Anime
Disney
Crossword
NBA
Marvel
Harry Potter
Kpop
Soccer
WWE
Country
The Office
Song
Pokémon
Puzzle
NFL
hide this ad
More By:
Slatornator
Quiz
Plays
Rating
Category
Featured
Created
The Walking Dead Game (TELLTALE GAMES)
6,238
4.89
Gaming
Apr 21, 2013
Dragon Ball / Z - Groups
4,996
3.79
Television
Oct 16, 2010
Dragon Ball Z Villains
2,217
4.33
Television
Jan 21, 2012
Dynasty Warriors Nicknames
765
4.00
Gaming
Oct 18, 2010
Metal Gear Solid Main Characters
366
4.50
Gaming
Aug 16, 2012
Go to Creator's Profile
Score Distribution
Quiz Creator Spotlight
Slatornator
Follow
Send a Message
Quizzes Created
-
Created Quiz Play Count
-
More By This Creator
Popular Quizzes Today
1
Find the Countries of Europe - No Outlines Minefield
2
Find the US States - No Outlines Minefield
3
The Countries of the World
4
Popular People in 1961
5
US States
6
1-10 Letter E Words III
7
Find the US States
8
One Thing in Common: World Cities II
More Gaming Quizzes
Classic Arcade Games by Screenshots
Published
Trending Quizzes
Risky Map Clicking: Least Populous States A-Z
1-10 Letter F Words
1-10 Letter G Words
One Thing in Common: United Kingdom
Risky Map Clicking: Next State Alphabetically
Recently Updated
Leaping Animals
pecheneg
Reality TV Shows (A-Z)
bhenderson79
Rickey Henderson's Hall of Fame Teammates
pecheneg
Champions League XIs: Arsenal
pecheneg
Quick Pick: Celebrities in WWE's Hall of Fame
aduchscher
A-Z Keypad Blitz II
pecheneg
Multiple Oscar Actors
pecheneg
Mystery Phrase Blitz: Oscar 'Best Actors'
pecheneg
F. Scott Fitzgerald Novels
LTH
Pick 3 Villains
ddd62291
Trending Topics
Crossword
Disney
Marvel
Anime
NBA
Harry Potter
Kpop
The Office
Country
Puzzle
Pokémon
Song
NFL
WWE
Soccer
Your Account Isn't Verified!
In order to create a playlist on Sporcle, you need to verify the email address you used during registration. Go to your
Sporcle Settings
to finish the process.
Report this User
Report this user for behavior that violates our
Community Guidelines
.
Details:
Send Report
Go to the Sporcle.com Mobile Site →
Comments